000 02071nam a22002537a 4500
003 GR-AtMCL
005 20260127123106.0
006 a|||||r|||||||||||
008 s202303 gr |||||||||||||||||gre|d
020 _a9789606536373
040 _aGR-AtMCL
_bgre
_dGR-AtMCL
041 1 _hger
100 _aFitzek, Sebastian
_910295
240 1 0 _aHeimmeg.
_lΕλληνικά
245 1 3 _aΤο τελεσίγραφο /
_cSebastian Fitzek ; μετάφραση Δέσποινα Κανελλοπούλου
250 _a1η ελληνική έκδοση
264 1 _aΠεριστέρι :
_bΔιόπτρα,
_c2023
300 _a441 σ. ;
_c21 εκ.
500 _aΤο κείμενο είναι μεταφρασμένο από τα γερμανικά
520 _a Αν ξέρεις την ώρα του θανάτου σου, έχεις κιόλας αρχίσει να πεθαίνεις… Είναι Σάββατο βράδυ, λίγο μετά τις δέκα. Ο Τζουλς Τάνμπεργκ έχει βάρδια σε μια τηλεφωνική γραμμή βοήθειας για γυναίκες που θέλουν ν’ ακούν μια καθησυχαστική φωνή καθώς επιστρέφουν σπίτι μόνες αργά τη νύχτα, ή που τηλεφωνούν γιατί όντως κινδυνεύουν. Ως τώρα δεν έχει υπάρξει περίπτωση που να απειλείται η ζωή κάποιας. Όμως απόψε ο Τζουλς μιλάει με την Κλάρα… Η νεαρή γυναίκα είναι τρομοκρατημένη. Πιστεύει ότι κάποιος την έχει βάλει στο στόχαστρο. Κάποιος που της έχει γράψει με αίμα στον τοίχο μια ημερομηνία: τη μέρα του θανάτου της. Κι αυτή η μέρα ξημερώνει σε λιγότερο από δύο ώρες.
700 _aΚανελλοπούλου, Δέσποινα
_910296
942 _cBK
999 _c10082
_d10082